|
|
|
|
| LEADER |
01766nam a2200397 a 4500 |
| 001 |
EBC457816 |
| 003 |
MiAaPQ |
| 005 |
20200520144314.0 |
| 006 |
m o d | |
| 007 |
cr cn||||||||| |
| 008 |
070831s2008 njua sb 001 0 eng |
| 010 |
|
|
|z 2007036121
|
| 020 |
|
|
|z 9780691128320 (hardcover : alk. paper)
|
| 020 |
|
|
|z 9780691145860
|
| 020 |
|
|
|a 9781400824571 (electronic bk.)
|
| 035 |
|
|
|a (MiAaPQ)EBC457816
|
| 035 |
|
|
|a (Au-PeEL)EBL457816
|
| 035 |
|
|
|a (CaPaEBR)ebr10312614
|
| 035 |
|
|
|a (CaONFJC)MIL215735
|
| 035 |
|
|
|a (OCoLC)432429097
|
| 040 |
|
|
|a MiAaPQ
|c MiAaPQ
|d MiAaPQ
|
| 043 |
|
|
|a n-us---
|
| 050 |
|
4 |
|a HG4532
|b .H37 2008
|
| 082 |
0 |
4 |
|a 332.63/22068
|2 22
|
| 100 |
1 |
|
|a Harrington, Brooke,
|d 1968-
|
| 245 |
1 |
0 |
|a Pop finance
|h [electronic resource] :
|b investment clubs and the new investor populism /
|c Brooke Harrington.
|
| 260 |
|
|
|a Princeton :
|b Princeton University Press,
|c c2008.
|
| 300 |
|
|
|a xii, 242 p. :
|b ill.
|
| 504 |
|
|
|a Includes bibliographical references and index.
|
| 505 |
0 |
|
|a Stock market populism- investment clubs and economic history -- Investment clubs as markets in microcosm -- Group composition & the business case for diversity -- Getting ahead versus getting along-decision making in investment clubs -- Reflections on investing in the 1990s -- Implications and conclusions.
|
| 533 |
|
|
|a Electronic reproduction. Ann Arbor, MI : ProQuest, 2015. Available via World Wide Web. Access may be limited to ProQuest affiliated libraries.
|
| 650 |
|
0 |
|a Investment clubs
|z United States.
|
| 650 |
|
0 |
|a Investments
|x Social aspects
|z United States.
|
| 655 |
|
4 |
|a Electronic books.
|
| 710 |
2 |
|
|a ProQuest (Firm)
|
| 856 |
4 |
0 |
|u https://ebookcentral.proquest.com/lib/matrademy/detail.action?docID=457816
|z Click to View
|